Movies Quiz

Random Movies or Quote Quiz
Score 0/25 Timer 07:00
4 Plays Today
% Correct
Gryffindor
89.1%
Agrabah
85.1%
Mutant High
71.1%
Real World
70.8%
Daily Bugle
68.4%
Fort Platoon
67.8%
Tokyo
64.1%
Castle Anthrax
63.5%
Port Royal
62.5%
Princeton
59.3%
Hollywood
58.7%
Mooby's
57.8%
Oakland
56.4%
% Correct
Sunnyside
54.9%
Planet
53.6%
Scotland
49.5%
Memphis
31.4%
Democracy
29.8%
Altair IV
29.5%
Roughnecks
28.9%
Jett Records
27.5%
Goodie Room
21.9%
Fantasy Island
20.7%
Sea World
18.9%
Icarus Two
17.6%
Remove Ads.
Support Sporcle.
Get the best of Sporcle when you Go Orange. This ad-free experience offers more features, more stats, and more fun while also helping to support Sporcle. Thank you for becoming a member.

You're not logged in!

Compare scores with friends on all Sporcle quizzes.
OR
Log In

Show Comments

Extras

Top Quizzes Today


Score Distribution

Your Account Isn't Verified!

In order to create a playlist on Sporcle, you need to verify the email address you used during registration. Go to your Sporcle Settings to finish the process.

Report this User

Report this user for behavior that violates our Community Guidelines.

Details: